<?xml version="1.0" encoding="UTF-8"?>
<record
    xmlns:xsi="http://www.w3.org/2001/XMLSchema-instance"
    xsi:schemaLocation="http://www.loc.gov/MARC21/slim http://www.loc.gov/standards/marcxml/schema/MARC21slim.xsd"
    xmlns="http://www.loc.gov/MARC21/slim">

  <leader>00508    a2200181   4500</leader>
  <datafield tag="952" ind1=" " ind2=" ">
    <subfield code="0">0</subfield>
    <subfield code="1">0</subfield>
    <subfield code="4">0</subfield>
    <subfield code="7">0</subfield>
    <subfield code="8">NFIC</subfield>
    <subfield code="a">CCL</subfield>
    <subfield code="b">CCL</subfield>
    <subfield code="c">GEN</subfield>
    <subfield code="d">2008-03-30</subfield>
    <subfield code="i">8505</subfield>
    <subfield code="l">0</subfield>
    <subfield code="o">PR8771 HLU 2006</subfield>
    <subfield code="p">010071</subfield>
    <subfield code="r">2021-03-30 00:00:00</subfield>
    <subfield code="t">c.1</subfield>
    <subfield code="w">2021-03-30</subfield>
    <subfield code="y">BK</subfield>
  </datafield>
  <datafield tag="999" ind1=" " ind2=" ">
    <subfield code="c">5252</subfield>
    <subfield code="d">5252</subfield>
  </datafield>
  <datafield tag="020" ind1=" " ind2=" ">
    <subfield code="a">1920113851</subfield>
  </datafield>
  <datafield tag="050" ind1=" " ind2=" ">
    <subfield code="a">PR8771 HLU 2006</subfield>
  </datafield>
  <datafield tag="100" ind1=" " ind2=" ">
    <subfield code="a">Hlungwana, L.</subfield>
    <subfield code="e">author</subfield>
  </datafield>
  <datafield tag="245" ind1=" " ind2=" ">
    <subfield code="a">Mahlasela /</subfield>
    <subfield code="c">L. Hlungwana &amp; others</subfield>
  </datafield>
  <datafield tag="264" ind1=" " ind2=" ">
    <subfield code="a">Thohoyandou :</subfield>
    <subfield code="b">Kalahari Productions &amp; Booksellers,</subfield>
    <subfield code="c">2006.</subfield>
  </datafield>
  <datafield tag="300" ind1=" " ind2=" ">
    <subfield code="a">69p. :</subfield>
  </datafield>
  <datafield tag="500" ind1=" " ind2=" ">
    <subfield code="a">Poetry</subfield>
  </datafield>
  <datafield tag="650" ind1=" " ind2=" ">
    <subfield code="a">Poetry--Tsonga</subfield>
  </datafield>
  <datafield tag="700" ind1=" " ind2=" ">
    <subfield code="a">Ngwenyama, M. C.</subfield>
    <subfield code="e">author</subfield>
  </datafield>
  <datafield tag="700" ind1=" " ind2=" ">
    <subfield code="a">Baloyi, M. J.</subfield>
    <subfield code="e">author</subfield>
  </datafield>
  <datafield tag="700" ind1=" " ind2=" ">
    <subfield code="a">Chauke, M. T.</subfield>
    <subfield code="e">author</subfield>
  </datafield>
  <datafield tag="942" ind1=" " ind2=" ">
    <subfield code="2">lcc</subfield>
    <subfield code="c">BK</subfield>
    <subfield code="h">8771</subfield>
    <subfield code="i">HLU</subfield>
    <subfield code="k">PR</subfield>
  </datafield>
</record>
